000 02559nam a2200313Ia 4500
003 OSt
005 20210901093954.0
008 210310s2010 wauad gr 000 0 spa d
020 _a9789588307718
040 _aCO-JMCR
_cCO-JMCR
041 1 _aspa
_heng
082 0 4 _a363.6098 /
_bA576i
_223
100 1 _aLuis A. Andres,
_eautor
_927934
245 1 3 _aEl impacto de la participación del sector privado en infraestructura :
_bluces y sombras en ele camino hacia adelante /
_cLuis A. Andres, J. Luis Guasch, Thomas Haven, Vivien Foster ; traducción al castellano, Ignacio Caviedes Hoyos
250 _aPrimera edición
260 _aWashington :
_bBanco Mundial,
_c2008.
300 _a342 páginas :
_bilustraciones y gráficas en blanco y negro ;
_c23 cm.
504 _aBibliografía : páginas 303-313, e índice.
505 0 _aPrepara el camino. -- Aprehender de la literatura existente. -- Llenar los vacíos con nuevos conjuntos de datos y nuevas catalogador. -- El impacto en la distribución de electricidad. -- El impacto en las telecomunicaciones de línea fija. -- Impacto en agua potable y alcantarillado. -- Evaluación del desempeño en la distribución de electricidad de las empresas de servicios privadas y publicas. -- Determinantes de impacto: variables regulatorias y de contratos.
520 0 _a"Este libro constituye una lectura obligada y es un avance sustancial en la literatura existente al ofrecer un gran análisis econométrico de los impactos de la participación privada en la electricidad, las telecomunicaciones y el agua potable, separando la verdad del mito. Hurgando aún más profunda mente, los autores examinan cómo las características del entorno, regulatorio y los contratos de participación privada tienen influencia en los impactos. Han producido una referencia esencial para los autores de políticas, los profesionales del desarrollo, los inversionistas y los académicos. Este volumen de primera categoría será valorado en los próximos años por su tratamiento sistemático y autorizado de lo que ya es un tópico políticamente sensible y a menudo mal entendido".
650 1 4 _aInfraestructura (Economía)--
_zAmérica Latina
_927936
650 2 4 _aCooperación del sector público
_xprivado
_zAmérica Latina
_939841
650 2 4 _aServicios públicos
_xFinanzas
_zAmérica Latina
_939842
700 1 _aGuasch, Luis,
_eautor
_939843
700 1 _aHaven, Thomas,
_eautor
_939844
700 1 _aFoster, Vivien,
_eautor
_939845
700 1 _aCaviedes Hoyos, Ignacio,
_etraductor
_939846
942 _2ddc
_cBK
999 _c12331
_d12331